000 01235nam a22003497a 4500
003 CHAP
005 20220329143910.0
008 120628s1992 mdu r 00010 eng d
010 _a103466
011 _a104438
022 0 _a1052-5378
035 _a115128
040 _cCHAP
082 0 4 _a631.523016
_bW23
100 1 _aWarmbrodt, Robert D.
_9121081
245 1 0 _aGene expression in Horticultural crops :
_bjanuary 1991 - october 1992
_c/por Robert D. Warmbrodt y Janet Saunders
260 _aMaryland, EUA :
_bNational Agricultural Library,
_c1992
300 _a94 p.
490 0 _aQuick bibliography series.
_pBiotechnology
_v; 93-08
590 _aBATCH-UPD
_b10
_c20130110
_lUCH01
_h1619
590 _aBATCH-UPD
_b10
_c20130410
_lUCH01
_h1013
590 _aBATCH-UPD
_b10
_c20130914
_lUCH01
_h1337
590 _aCONVERSION
_b10
_c20130109
_lUCH01
_h1357
650 1 4 _aExpresión genética.
_939133
650 1 4 _aGenética vegetal
_xBibliografía.
_947499
650 1 4 _aHorticultura
_xBibliografía.
_956312
700 1 _aSaunders, Janet
_9102754
830 0 _aQuick bibliography series.
_pBiotechnology
_v; 93-08
_993293
901 _aBK
942 _cLIBRO
949 _a631.523016 W23
_bBC
_cC
_d33724002331116
_eC
_h117210
_i115128
_sb
999 _c103466
_d103466